000 00871nam0a22002771 4500
001 rc\4794565
005 20250612215814.0
021 _aRU
_b[57-47087]
035 _a(NLR Aleph) 008868303
090 _a8505035
_c8505035
100 _a20130426d1957 |||y0rusy50 ca
101 0 _arus
102 _aRU
105 _aa z |||||
200 1 _aСорбция
210 _aМосква
_cГостехиздат
_d1957
215 _a60 с.
_cил.
_d20
225 1 _aНаучно-популярная библиотека
_vВып. 96
300 _aПеред загл. авт.: К.В. Чмутов, чл.-кор. АН СССР
606 _aСорбция
_2psbo
700 1 _aЧмутов
_bК.В.
_f1902-1979
_gКонстантин Васильевич
801 0 _aRU
_bNLR
_gpsbo
801 1 _aRU
_bELAR
_2rusmarc
852 _aNLR
_j57-4/12065
942 _cBOOK
980 _aNB